INDIA AND BILATERAL INVESTMENT TREATIES (Record no. 23073)

MARC details
000 -LEADER
fixed length control field 00333nam a22001337a 4500
003 - CONTROL NUMBER IDENTIFIER
control field SGT
020 ## - INTERNATIONAL STANDARD BOOK NUMBER
International Standard Book Number 9780199493746
082 ## - DEWEY DECIMAL CLASSIFICATION NUMBER
Classification number 346.54092
Item number RAN
100 ## - MAIN ENTRY--PERSONAL NAME
Personal name RANJAN ,PRABHASH
245 ## - TITLE STATEMENT
Title INDIA AND BILATERAL INVESTMENT TREATIES
260 ## - PUBLICATION, DISTRIBUTION, ETC. (IMPRINT)
Place of publication, distribution, etc NEW DELHI
Name of publisher, distributor, etc OXFORD UNIVERSITY PRESS
Year of Publication 2019
300 ## - PAGE DESCRIPTION
No. of Pages XXXIII ,378
942 ## - ADDED ENTRY ELEMENTS (KOHA)
Source of classification or shelving scheme Dewey Decimal Classification
Koha item type Books
942 ## - ADDED ENTRY ELEMENTS (KOHA)
-- 1
Holdings
Withdrawn status Lost status Source of classification or shelving scheme Damaged status Not for loan Home library Current library Shelving location Date acquired Vendor Name Cost, normal purchase price SGTU Bill Number Total Checkouts Full call number Accession No. (Barcode) Date last seen Bill Date Koha item type Date last borrowed
    Dewey Decimal Classification     SGT Science & Social Sciences Library SGT Science & Social Sciences Library Text Book 01/08/2022 AHUJA BOOK COMPANY 1495.00 SGTU 14697   346.54092 RAN FL2902 01/08/2022 30/06/2022 Books  
    Dewey Decimal Classification     SGT Science & Social Sciences Library SGT Science & Social Sciences Library Text Book 01/08/2022 AHUJA BOOK COMPANY 1495.00 SGTU 14697 1 346.54092 RAN FL2903 30/09/2022 30/06/2022 Books 23/08/2022